International trade statistics 2010.
| Corporate Author: | |
|---|---|
| Format: | Book |
| Published: |
Geneva:
World Trade Organization(WTO),
2010.
|
| Subjects: |
| LEADER | 00471cam a2200145 7i4500 | ||
|---|---|---|---|
| 001 | 0000026823 | ||
| 005 | 20110822090000.0 | ||
| 020 | 0 | 0 | |a 9789287037398 |
| 090 | 0 | 0 | |a STAT 382.021 |b WOR |
| 110 | 2 | 0 | |a World Trade Organization (WTO) |
| 245 | 2 | 0 | |a International trade statistics 2010. |
| 260 | 0 | 0 | |a Geneva: |b World Trade Organization(WTO), |c 2010. |
| 300 | # | # | |a 250 p. |
| 650 | 0 | 0 | |a International trade -- |x Statistics -- |x Yearbooks |
| 999 | |a B000029229 |b Book |c Tariffs |e Business Information Centre | ||


